[Event "4NCL/Div1b/GUI1 vs. WGHK2"]
[Site "Sunningdale ENG"]
[Date "2008.10.05"]
[Round "2.6"]
[White "Hagasaether, Ellen"]
[Black "Hebden, Mark L"]
[Result "0-1"]
[WhiteElo "2239"]
[BlackElo "2515"]
[PlyCount "80"]
[EventDate "2008.10.05"]
[SourceDate "2008.10.04"]

1. Nf3 Nf6 2. g3 g6 3. d3 d5 4. Bg2 Bg7 5. O-O O-O 6. Nbd2 Nc6 7. e4 e5 8. c3
a5 9. a4 h6 10. Re1 Re8 11. exd5 Nxd5 12. Nc4 b6 13. Na3 Bf5 14. Nb5 Qd7 15.
Be3 Rad8 16. d4 exd4 17. Bxd4 Rxe1+ 18. Qxe1 Nxd4 19. Nbxd4 Re8 20. Qf1 Be4 21.
Qb5 c6 22. Qxc6 Qxc6 23. Nxc6 Nxc3 24. Ncd4 Nb1 25. Nb5 Bxb2 26. Ra2 Rc8 27.
Ne1 Rc1 28. f3 Bc3 29. fxe4 Bxe1 30. Bf1 Nd2 31. Bd3 Bxg3+ 32. Kg2 Bf4 33. h3
Be3 34. Nd4 Rg1+ 35. Kh2 Rg5 36. Ne2 Kg7 37. h4 Rg4 38. Kh3 h5 39. Ng3 Nf3 40.
Be2 Ng1+ 0-1

[Event "4NCL/Div1b/GUI1 vs. WGHK2"]
[Site "Sunningdale ENG"]
[Date "2008.10.05"]
[Round "2.7"]
[White "Pert, Richard G"]
[Black "Hagesaether, Arne"]
[Result "1-0"]
[WhiteElo "2453"]
[BlackElo "2181"]
[PlyCount "59"]
[EventDate "2008.10.05"]
[SourceDate "2008.10.04"]

1. d4 d5 2. c4 c6 3. Nc3 Nf6 4. e3 a6 5. Nf3 g6 6. Be2 Bg4 7. Qb3 Ra7 8. O-O
Bg7 9. cxd5 cxd5 10. h3 Bxf3 11. Bxf3 e6 12. Bd2 O-O 13. Rac1 Nc6 14. Na4 e5
15. dxe5 Nxe5 16. Be2 b5 17. Nc5 Re8 18. Rfd1 Bf8 19. Nd3 Nc4 20. Nb4 Ne4 21.
Be1 Bxb4 22. Qxb4 Rd7 23. b3 Nb6 24. Qd4 Nc8 25. Rc6 Re6 26. Rxe6 fxe6 27. f3
Nf6 28. Bc3 Kf7 29. Qf4 Nd6 30. g4 1-0

[Event "4NCL/Div1b/GUI1 vs. WGHK2"]
[Site "Sunningdale ENG"]
[Date "2008.10.05"]
[Round "2.8"]
[White "Hegarty, Sarah"]
[Black "Lalic, Susan"]
[Result "0-1"]
[WhiteElo "2088"]
[BlackElo "2341"]
[PlyCount "68"]
[EventDate "2008.10.05"]
[SourceDate "2008.10.04"]

1. e4 c6 2. d4 d5 3. f3 g6 4. Bf4 Bg7 5. exd5 cxd5 6. Nc3 a6 7. Nge2 Nc6 8. Qd2
h5 9. Bg5 Bf5 10. Nd1 f6 11. Be3 e5 12. dxe5 fxe5 13. Ng3 Nge7 14. Bg5 Qd7 15.
Ne3 Be6 16. c4 h4 17. cxd5 hxg3 18. dxe6 Qxd2+ 19. Kxd2 Rd8+ 20. Ke1 Rxh2 21.
Rg1 Rh5 22. Bxe7 Kxe7 23. Be2 Nd4 24. Rc1 Nxe6 25. f4 Rhh8 26. f5 Bh6 27. Rc3
Bxe3 28. Rxe3 gxf5 29. Rxe5 Kf6 30. Ra5 Nf4 31. Ra4 Kg5 32. Bf3 Rhe8+ 33. Kf1
Rd2 34. Rb4 Rf2# 0-1

[Event "4NCL/Div1b/PAP vs. BAR2"]
[Site "Sunningdale ENG"]
[Date "2008.10.05"]
[Round "2.1"]
[White "Ward, Chris G"]
[Black "Berry, Neil"]
[Result "1/2-1/2"]
[WhiteElo "2431"]
[BlackElo "2323"]
[PlyCount "72"]
[EventDate "2008.10.05"]
[SourceDate "2008.10.04"]

1. d4 d5 2. c4 c6 3. Nf3 Nf6 4. Nc3 a6 5. Bg5 dxc4 6. a4 Bf5 7. e3 Ne4 8. Bxc4
Nxg5 9. Nxg5 e6 10. f4 Be7 11. Nge4 Bxe4 12. Nxe4 Qa5+ 13. Nc3 Nd7 14. O-O O-O
15. Qb3 Nb6 16. Bd3 g6 17. Ne4 Qb4 18. Qxb4 Bxb4 19. a5 Nd5 20. Kf2 f5 21. Nc3
Bxc3 22. bxc3 Nxc3 23. Rfc1 Nb5 24. Rc5 Nd6 25. Rb1 Rad8 26. Kf3 Rd7 27. h3 h5
28. h4 Kf7 29. Rbc1 Kf6 30. R1c2 Rfd8 31. Rb2 Nb5 32. Bc4 Rd6 33. Ba2 R8d7 34.
Rb4 Rd8 35. Rb2 R8d7 36. Rb4 Rd8 1/2-1/2

[Event "4NCL/Div1b/PAP vs. BAR2"]
[Site "Sunningdale ENG"]
[Date "2008.10.05"]
[Round "2.2"]
[White "Taylor, Martin R"]
[Black "Emms, John M"]
[Result "1/2-1/2"]
[WhiteElo "2342"]
[BlackElo "2489"]
[PlyCount "90"]
[EventDate "2008.10.05"]
[SourceDate "2008.10.04"]

1. d4 Nf6 2. Bg5 e6 3. Nd2 d5 4. e3 Be7 5. Bd3 Nbd7 6. Ngf3 c5 7. c3 Qc7 8. O-O
O-O 9. Qe2 b6 10. e4 dxe4 11. Nxe4 Bb7 12. dxc5 Nxc5 13. Bxf6 Bxf6 14. Nxf6+
gxf6 15. Rfd1 Qf4 16. Ne1 Qe5 17. Nf3 Qf4 18. Ne1 Rfd8 19. Bc2 Qe5 20. Qg4+ Qg5
21. Qxg5+ fxg5 22. f3 Kg7 23. Kf2 h6 24. Rxd8 Rxd8 25. Rd1 Rxd1 26. Bxd1 f5 27.
b4 Nd7 28. Bb3 Kf6 29. Nc2 e5 30. Ne3 e4 31. fxe4 Bxe4 32. g3 Ne5 33. Bd5 Bxd5
34. Nxd5+ Ke6 35. Nc7+ Kd7 36. Nb5 Ng4+ 37. Kg1 a6 38. Nd4 Ne3 39. a3 h5 40. h3
b5 41. Kf2 Nd1+ 42. Ke2 Nxc3+ 43. Kd3 Nb1 44. Nxf5 Nxa3 45. Ng7 h4 1/2-1/2

[Event "4NCL/Div1b/PAP vs. BAR2"]
[Site "Sunningdale ENG"]
[Date "2008.10.05"]
[Round "2.3"]
[White "Hunt, Harriet"]
[Black "Rogers, Jonathan W"]
[Result "1-0"]
[WhiteElo "2462"]
[BlackElo "2347"]
[PlyCount "49"]
[EventDate "2008.10.05"]
[SourceDate "2008.10.04"]

1. e4 e5 2. Nf3 d5 3. exd5 Bd6 4. d4 e4 5. Ne5 Nf6 6. Bb5+ c6 7. dxc6 bxc6 8.
Nxc6 Qb6 9. Nc3 Nxc6 10. d5 O-O 11. Be3 Qb8 12. Bxc6 Qxb2 13. Bd4 Ba6 14. Rb1
Qa3 15. Bxf6 gxf6 16. Nb5 Qc5 17. O-O Rab8 18. Nxd6 Qxd6 19. Qg4+ Kh8 20. Rfe1
Rxb1 21. Rxb1 Qe5 22. Qg3 Qd4 23. Qa3 Rg8 24. Qxa6 e3 25. Qe2 1-0

[Event "4NCL/Div1b/PAP vs. BAR2"]
[Site "Sunningdale ENG"]
[Date "2008.10.05"]
[Round "2.4"]
[White "Twyble, Michael S"]
[Black "Summerscale, Aaron"]
[Result "0-1"]
[WhiteElo "2261"]
[BlackElo "2467"]
[PlyCount "76"]
[EventDate "2008.10.05"]
[SourceDate "2008.10.04"]

1. d4 b6 2. Nf3 Bb7 3. c4 e6 4. e3 f5 5. Bd3 Nf6 6. Nbd2 g6 7. b3 Bg7 8. Bb2
O-O 9. O-O d6 10. Qc2 Nh5 11. e4 Nf4 12. exf5 Nc6 13. Bc3 Nxd3 14. Qxd3 Rxf5
15. Rfe1 e5 16. d5 Ne7 17. Ne4 h6 18. Re2 Qd7 19. a4 a6 20. Rae1 Raf8 21. Nfd2
Qd8 22. Nf1 Qa8 23. Ne3 R5f7 24. Ng3 Qe8 25. f3 a5 26. Bd2 Bc8 27. Ng4 g5 28.
Nf2 Bh8 29. Bc3 Rh7 30. Qd2 Ng6 31. Nd3 Qf7 32. Ne4 Nh4 33. Rf2 Qg6 34. Ref1
Rhf7 35. Qe3 Bg7 36. g3 Bh3 37. gxh4 gxh4+ 38. Kh1 Rxf3 0-1

[Event "4NCL/Div1b/PAP vs. BAR2"]
[Site "Sunningdale ENG"]
[Date "2008.10.05"]
[Round "2.5"]
[White "Zhou, Yang-Fan"]
[Black "Dorrington, Christopher"]
[Result "1/2-1/2"]
[WhiteElo "2276"]
[BlackElo "2259"]
[PlyCount "82"]
[EventDate "2008.10.05"]
[SourceDate "2008.10.04"]

1. e4 c5 2. Nf3 d6 3. d4 cxd4 4. Nxd4 Nc6 5. c4 Nf6 6. Nc3 e6 7. Be2 Be7 8. O-O
O-O 9. Be3 a6 10. Qd2 Bd7 11. Nc2 Rb8 12. f3 Qc7 13. b3 Rfd8 14. Qe1 b6 15. Rc1
Bc8 16. Nd4 Ne5 17. g4 h6 18. h4 Qb7 19. g5 hxg5 20. hxg5 Nfd7 21. f4 Nc6 22.
Rf2 g6 23. Nd5 exd5 24. exd5 Nce5 25. Nc6 Nxc6 26. dxc6 Qxc6 27. Bf3 Qc7 28.
Rh2 Bxg5 29. Bd4 Ne5 30. fxe5 d5 31. e6 f6 32. cxd5 Qf4 33. Bxb6 Rxb6 34. Rc3
Re8 35. Bg2 Qd4+ 36. Kh1 Bxe6 37. dxe6 Rbxe6 38. Qxe6+ Rxe6 39. Rc8+ Kg7 40.
Rc7+ Kg8 41. Rc8+ Kg7 1/2-1/2

[Event "4NCL/Div1b/PAP vs. BAR2"]
[Site "Sunningdale ENG"]
[Date "2008.10.05"]
[Round "2.6"]
[White "Coleman, David"]
[Black "Kilpatrick, Callum"]
[Result "0-1"]
[WhiteElo "2209"]
[BlackElo "2184"]
[PlyCount "104"]
[EventDate "2008.10.05"]
[SourceDate "2008.10.04"]

1. e4 e5 2. d4 exd4 3. Qxd4 Nc6 4. Qe3 Nf6 5. Nc3 Be7 6. Bc4 O-O 7. Bd2 d6 8.
O-O-O Be6 9. Bxe6 fxe6 10. f4 e5 11. f5 d5 12. exd5 Nxd5 13. Qe4 Ncb4 14. Nge2
Nxc3 15. Nxc3 Qd4 16. Qe2 Rxf5 17. Be3 Qxe3+ 18. Qxe3 Bg5 19. Qxg5 Rxg5 20. g3
Rf5 21. Rd7 Rf7 22. Rhd1 Re8 23. a3 Nc6 24. Nb5 Ree7 25. Rxe7 Rxe7 26. Re1 Kf7
27. a4 a6 28. Na3 Ke6 29. Nc4 Rf7 30. Re2 b5 31. axb5 axb5 32. Ne3 Nd4 33. Rg2
Rf3 34. Kd2 e4 35. Nd1 b4 36. c3 Rd3+ 37. Kc1 bxc3 38. bxc3 Nb5 39. Kc2 Na3+
40. Kc1 Nc4 41. Re2 Ke5 42. Re1 h5 43. Re2 g5 44. Kc2 Na3+ 45. Kc1 Nb5 46. Rc2
e3 47. Rb2 Nxc3 48. Nxc3 Rxc3+ 49. Kd1 Rd3+ 50. Ke1 Ke4 51. Rc2 Rd2 52. Rxc7
Rxh2 0-1

[Event "4NCL/Div1b/PAP vs. BAR2"]
[Site "Sunningdale ENG"]
[Date "2008.10.05"]
[Round "2.7"]
[White "Winkelmann, Elena"]
[Black "Taylor, Peter"]
[Result "1/2-1/2"]
[WhiteElo "2096"]
[BlackElo "2254"]
[PlyCount "87"]
[EventDate "2008.10.05"]
[SourceDate "2008.10.04"]

1. d4 d5 2. c4 c6 3. cxd5 cxd5 4. Nc3 Nf6 5. Nf3 Nc6 6. a3 Ne4 7. e3 Nxc3 8.
bxc3 g6 9. c4 Bg7 10. Rb1 O-O 11. Be2 dxc4 12. Bxc4 b6 13. O-O Bf5 14. Bd3 Bxd3
15. Qxd3 Rc8 16. Bb2 Qd6 17. Rfd1 Na5 18. Rbc1 Qd7 19. Nd2 Rxc1 20. Rxc1 Rc8
21. Rxc8+ Qxc8 22. Bc3 Nb7 23. g3 h5 24. Qc4 Qxc4 25. Nxc4 b5 26. Nd2 Kf8 27.
Kf1 Ke8 28. Ke2 e6 29. Kd3 Bf8 30. Bb2 Kd7 31. e4 Kc6 32. h3 a5 33. g4 hxg4 34.
hxg4 a4 35. f4 f5 36. exf5 exf5 37. Nf3 fxg4 38. Ne5+ Kd5 39. Nxg4 Nd6 40. Ne3+
Ke6 41. d5+ Kd7 42. Ng4 Nc4 43. Ne5+ Nxe5+ 44. fxe5 1/2-1/2

[Event "4NCL/Div1b/PAP vs. BAR2"]
[Site "Sunningdale ENG"]
[Date "2008.10.05"]
[Round "2.8"]
[White "Regan, Natasha"]
[Black "Auckland, Elliott"]
[Result "0-1"]
[WhiteElo "2197"]
[BlackElo "2017"]
[PlyCount "74"]
[EventDate "2008.10.05"]
[SourceDate "2008.10.04"]

1. e4 c5 2. d4 cxd4 3. c3 dxc3 4. Nxc3 e6 5. Nf3 Nc6 6. Bc4 a6 7. Qe2 b5 8. Bb3
Nge7 9. Bg5 f6 10. Bh4 Ng6 11. Bg3 Bb4 12. O-O O-O 13. Rfd1 Qe8 14. a4 Bxc3 15.
bxc3 bxa4 16. Bxa4 e5 17. Nd2 Nf4 18. Qc4+ Ne6 19. Nf1 Qe7 20. Ne3 Qc5 21. Qa2
Kh8 22. Rac1 Rb8 23. Rd5 Nb4 24. cxb4 Qxc1+ 25. Rd1 Qc7 26. Nd5 Qa7 27. Kh1 Nd4
28. f4 d6 29. Qd2 Bd7 30. Bxd7 Qxd7 31. Bf2 Nc6 32. Nb6 Qc7 33. Qxd6 Qxd6 34.
Rxd6 Nxb4 35. Bc5 Rfd8 36. fxe5 fxe5 37. Nd7 Rbc8 0-1

[Event "4NCL/Div1b/NWE1 vs. BRI1"]
[Site "Sunningdale ENG"]
[Date "2008.10.05"]
[Round "2.2"]
[White "Cobb, Charles"]
[Black "Lyell, Mark"]
[Result "1/2-1/2"]
[WhiteElo "2407"]
[BlackElo "2248"]
[PlyCount "91"]
[EventDate "2008.10.05"]
[SourceDate "2008.10.04"]

1. c4 e5 2. Nc3 Nc6 3. e3 g6 4. d4 d6 5. Nf3 Bg7 6. dxe5 Nxe5 7. Be2 Ne7 8. O-O
O-O 9. Qc2 N7c6 10. b3 Bg4 11. Nxe5 Nxe5 12. f3 Bd7 13. Bb2 Qh4 14. Rae1 Rae8
15. Qd2 Bc6 16. Nd5 Bxd5 17. cxd5 f5 18. f4 Nf7 19. Bxg7 Kxg7 20. Bb5 Re7 21.
Qd4+ Qf6 22. Qxa7 c5 23. Qa5 Nh6 24. Qd2 Kh8 25. Qd3 Rff7 26. h3 Ng8 27. e4
fxe4 28. Rxe4 Rxe4 29. Qxe4 Re7 30. Qf3 Qd4+ 31. Kh1 Nf6 32. Rd1 Qb2 33. a4 Ne4
34. Kh2 Nc3 35. Rd3 Nxb5 36. axb5 Qe2 37. Qg3 Qe4 38. Qg5 Kg7 39. Rf3 h6 40.
Qh4 Rf7 41. Qd8 Qxd5 42. b6 Qd4 43. Qe8 Qf6 44. Qe4 Re7 45. Qc4 h5 46. Rd3
1/2-1/2

[Event "4NCL/Div1b/NWE1 vs. BRI1"]
[Site "Sunningdale ENG"]
[Date "2008.10.05"]
[Round "2.3"]
[White "Hague, Ben"]
[Black "Beaumont, Chris"]
[Result "1/2-1/2"]
[WhiteElo "2281"]
[BlackElo "2317"]
[PlyCount "62"]
[EventDate "2008.10.05"]
[SourceDate "2008.10.04"]

1. e4 c5 2. b3 Nc6 3. Bb2 e5 4. Bc4 Nf6 5. Nc3 Be7 6. Nge2 O-O 7. O-O Nxe4 8.
Nxe4 d5 9. Bd3 dxe4 10. Bxe4 Nd4 11. Nxd4 cxd4 12. Qf3 f5 13. Bd5+ Kh8 14. d3
Qc7 15. c3 dxc3 16. Rac1 c2 17. Qe2 Bf6 18. Rxc2 Qd6 19. Bf3 Bd7 20. Bxb7 Rab8
21. Bf3 Bb5 22. Rd1 Rbd8 23. Qe1 Bxd3 24. Rcd2 e4 25. Bxf6 Qxf6 26. Be2 Bxe2
27. Qxe2 h6 28. g3 Rxd2 29. Qxd2 Qb6 30. Qf4 Rf6 31. Rd5 Qe6 1/2-1/2

[Event "4NCL/Div1b/NWE1 vs. BRI1"]
[Site "Sunningdale ENG"]
[Date "2008.10.05"]
[Round "2.4"]
[White "Poobalasingam, Peter"]
[Black "Hulmes, David I"]
[Result "0-1"]
[WhiteElo "2235"]
[BlackElo "2203"]
[PlyCount "54"]
[EventDate "2008.10.05"]
[SourceDate "2008.10.04"]

1. e4 e5 2. Nf3 Nc6 3. d4 exd4 4. Nxd4 Nf6 5. Nxc6 bxc6 6. e5 Qe7 7. Qe2 Nd5 8.
h4 a5 9. c4 Ba6 10. Rh3 Qb4+ 11. Kd1 Qb6 12. Rb3 Qd4+ 13. Nd2 Qxh4 14. Qf3 Nb6
15. Ne4 Bxc4 16. Bg5 Qh1 17. Ng3 Qg1 18. Kc2 Bd5 19. Qf5 Bc5 20. Re3 h6 21. Ne2
Be6 22. Qf3 Qh2 23. Rc3 Qxe5 24. Be3 Bxe3 25. Rxe3 Qc5+ 26. Nc3 Nd5 27. Bd3
Nxe3+ 0-1

[Event "4NCL/Div1b/NWE1 vs. BRI1"]
[Site "Sunningdale ENG"]
[Date "2008.10.05"]
[Round "2.5"]
[White "Redmond, John"]
[Black "Buckley, David E"]
[Result "1/2-1/2"]
[WhiteElo "2199"]
[BlackElo "2244"]
[PlyCount "27"]
[EventDate "2008.10.05"]
[SourceDate "2008.10.04"]

1. c4 c5 2. Nc3 g6 3. g3 Bg7 4. Bg2 Nc6 5. e3 e6 6. Nge2 Nge7 7. d4 cxd4 8.
exd4 d5 9. cxd5 exd5 10. O-O O-O 11. Qb3 Na5 12. Qa3 Nc4 13. Qb3 Na5 14. Qa3
1/2-1/2

[Event "4NCL/Div1b/NWE1 vs. BRI1"]
[Site "Sunningdale ENG"]
[Date "2008.10.05"]
[Round "2.6"]
[White "Collier, David O"]
[Black "Grigoryan-Lyell, Meri"]
[Result "1/2-1/2"]
[WhiteElo "2089"]
[BlackElo "2076"]
[PlyCount "89"]
[EventDate "2008.10.05"]
[SourceDate "2008.10.04"]

1. d4 d5 2. c4 e6 3. Nc3 c6 4. Nf3 dxc4 5. a4 Bb4 6. e3 b5 7. Bd2 Qb6 8. Ne4
Be7 9. b3 cxb3 10. Qxb3 Bd7 11. Ne5 Nf6 12. Bd3 O-O 13. O-O a6 14. Rfc1 Nxe4
15. Bxe4 Ra7 16. a5 Qc7 17. Bb4 Bxb4 18. Qxb4 Rc8 19. Rc5 f6 20. Nd3 Be8 21.
Rac1 Qe7 22. Qb3 Rac7 23. Nb4 Qd6 24. f4 Bf7 25. Qc2 Bg6 26. Bxg6 hxg6 27. Nd3
Nd7 28. Rc3 Kf7 29. Nf2 Qb4 30. Ne4 Ke7 31. Nc5 Nxc5 32. Rxc5 Kf7 33. Qa2 Qa4
34. Qxa4 bxa4 35. Ra1 Rb7 36. Rxa4 Ke7 37. Rac4 Kd7 38. Rc2 Rb5 39. Kf2 Rxc5
40. dxc5 Rb8 41. Rd2+ Kc7 42. Rd6 Re8 43. Rd4 Rh8 44. Rd6 Re8 45. Rd4 1/2-1/2

[Event "4NCL/Div1b/NWE1 vs. BRI1"]
[Site "Sunningdale ENG"]
[Date "2008.10.05"]
[Round "2.7"]
[White "Jaunooby, Ali"]
[Black "Curtis, John"]
[Result "1-0"]
[WhiteElo "2145"]
[BlackElo "2122"]
[PlyCount "83"]
[EventDate "2008.10.05"]
[SourceDate "2008.10.04"]

1. d4 Nf6 2. c4 c5 3. d5 e5 4. Nc3 d6 5. g3 Be7 6. Bg2 Nbd7 7. Nf3 O-O 8. e4
Ne8 9. h4 a6 10. Be3 Ndf6 11. Nh2 Nc7 12. f4 b5 13. b3 Rb8 14. f5 bxc4 15. bxc4
Rb4 16. Bf1 Nd7 17. a3 Rb8 18. Nf3 Ne8 19. g4 Qa5 20. Bd2 Nef6 21. Nh2 Kh8 22.
g5 Ng8 23. Nf3 Qb6 24. Bd3 Qb3 25. Qe2 Bd8 26. Kf2 Qb7 27. Ne1 Qa7 28. Bc2 a5
29. Ba4 Ba6 30. Nf3 Nb6 31. Bb5 a4 32. Rab1 Bc7 33. Bxa6 Qxa6 34. Nb5 Rfc8 35.
h5 Nd7 36. g6 Ngf6 37. Ng5 fxg6 38. hxg6 h6 39. Ne6 Bd8 40. Bxh6 gxh6 41. Rxh6+
Kg8 42. Rbh1 1-0

[Event "4NCL/Div1b/NWE1 vs. BRI1"]
[Site "Sunningdale ENG"]
[Date "2008.10.05"]
[Round "2.8"]
[White "Smith, Olivia"]
[Black "Morrison, Lynne"]
[Result "1-0"]
[WhiteElo "1961"]
[BlackElo "1926"]
[PlyCount "57"]
[EventDate "2008.10.05"]
[SourceDate "2008.10.04"]

1. e4 c5 2. Nf3 d6 3. d4 cxd4 4. Nxd4 Nf6 5. Nc3 e6 6. Bc4 Be7 7. Bb3 a6 8. Qf3
Qc7 9. g4 Nc6 10. Nxc6 Qxc6 11. g5 Nd7 12. Be3 Ne5 13. Qh5 Nc4 14. Bxc4 Qxc4
15. O-O-O b5 16. Rd4 Qc7 17. f4 g6 18. Qe2 Bb7 19. Rf1 Bc8 20. f5 gxf5 21. exf5
d5 22. fxe6 fxe6 23. Qh5+ Kd7 24. g6 Qd8 25. Nxd5 Bd6 26. Nf6+ Kc7 27. g7 Rg8
28. Rxd6 Kxd6 29. Qc5# 1-0

[Event "4NCL/Div1b/NWE1 vs. BET"]
[Site "Hinckley Island ENG"]
[Date "2008.12.06"]
[Round "3.1"]
[White "Morrison, Graham"]
[Black "Hunt, Adam C"]
[Result "1/2-1/2"]
[WhiteElo "2328"]
[BlackElo "2431"]
[PlyCount "84"]
[EventDate "2008.12.06"]
[SourceDate "2008.10.04"]

1. d4 Nf6 2. c4 g6 3. Nf3 Bg7 4. g3 O-O 5. Bg2 d6 6. Nc3 Nc6 7. O-O a6 8. d5
Na5 9. Nd2 c5 10. Qc2 Rb8 11. b3 b5 12. Bb2 e5 13. dxe6 Bxe6 14. cxb5 axb5 15.
Nce4 Nd5 16. Bxg7 Kxg7 17. Rad1 f5 18. Nc3 Nb4 19. Qb2 Qf6 20. Nf3 Rfd8 21. Rd2
d5 22. e3 Nac6 23. Rfd1 c4 24. Ne2 Qxb2 25. Rxb2 Nd3 26. Rbd2 Bf7 27. Nfd4 Nxd4
28. Nxd4 Rdc8 29. Bf1 Nb4 30. a3 Nc6 31. Nxc6 Rxc6 32. Bg2 cxb3 33. Rb2 Rc3 34.
Rdb1 d4 35. exd4 Bc4 36. Bc6 Rd8 37. d5 Rc2 38. Rxc2 bxc2 39. Rc1 Bb3 40. f4
Kf6 41. Kf2 Bxd5 42. Bxd5 Rxd5 1/2-1/2

[Event "4NCL/Div1b/NWE1 vs. BET"]
[Site "Hinckley Island ENG"]
[Date "2008.12.06"]
[Round "3.2"]
[White "Ledger, Andrew J"]
[Black "Coates, Kenneth G"]
[Result "1-0"]
[WhiteElo "2429"]
[BlackElo "2241"]
[PlyCount "83"]
[EventDate "2008.12.06"]
[SourceDate "2008.10.04"]

1. d4 d5 2. Nf3 Nf6 3. c4 c6 4. e3 g6 5. Bd3 Bg7 6. O-O O-O 7. Nc3 Re8 8. Ne5
Be6 9. cxd5 Nxd5 10. f4 Nd7 11. e4 Nxe5 12. fxe5 Nxc3 13. bxc3 Qd7 14. Be3 Rad8
15. Be2 f6 16. exf6 exf6 17. Qc1 Qe7 18. Re1 Kh8 19. Bf3 Bc4 20. a4 Qf7 21. h3
Bd3 22. Bf4 Qc4 23. Qd2 f5 24. e5 c5 25. Rad1 Be4 26. Bxe4 fxe4 27. Rxe4 Qxa4
28. Rde1 Qc6 29. Bh6 Bxh6 30. Qxh6 cxd4 31. cxd4 Qe6 32. Rf1 Rg8 33. Ref4 Rd7
34. Kh1 Rdg7 35. Rf6 Qd5 36. Rd6 Qe4 37. Qg5 a5 38. Rd8 a4 39. Rxg8+ Rxg8 40.
Qf6+ Rg7 41. Qd8+ Rg8 42. Rf8 1-0

[Event "4NCL/Div1b/NWE1 vs. BET"]
[Site "Hinckley Island ENG"]
[Date "2008.12.06"]
[Round "3.3"]
[White "Hulmes, David I"]
[Black "Webb, Laurence E"]
[Result "1/2-1/2"]
[WhiteElo "2203"]
[BlackElo "2347"]
[PlyCount "81"]
[EventDate "2008.12.06"]
[SourceDate "2008.10.04"]

1. e4 e5 2. Nf3 Nc6 3. Bb5 a6 4. Ba4 Nf6 5. O-O b5 6. Bb3 Bc5 7. c3 d6 8. a4
Rb8 9. d4 Bb6 10. Na3 Bg4 11. axb5 axb5 12. Nxb5 O-O 13. Bc2 Bxf3 14. gxf3 Nh5
15. f4 Qh4 16. fxe5 dxe5 17. Be3 Rbd8 18. d5 Na5 19. Ra4 Nb7 20. Qf3 Nd6 21.
Na3 Ra8 22. Bxb6 cxb6 23. Rb4 Rab8 24. Nc4 Nxc4 25. Rxc4 Nf4 26. Rc6 Rfc8 27.
Rxc8+ Rxc8 28. Kh1 Rd8 29. Rg1 Qe7 30. Qg4 g6 31. Ra1 h5 32. Qf3 Rd6 33. Qe3
Kg7 34. b4 Qc7 35. Bb3 b5 36. Ra5 Qb7 37. Bd1 Ra6 38. Be2 Rxa5 39. bxa5 Qa6 40.
Qb6 Qc8 41. Qe3 1/2-1/2

[Event "4NCL/Div1b/NWE1 vs. BET"]
[Site "Hinckley Island ENG"]
[Date "2008.12.06"]
[Round "3.4"]
[White "Eames, Robert G"]
[Black "Redmond, John"]
[Result "0-1"]
[WhiteElo "2329"]
[BlackElo "2199"]
[PlyCount "50"]
[EventDate "2008.12.06"]
[SourceDate "2008.10.04"]

1. d4 e6 2. e4 d5 3. e5 c5 4. c3 Nc6 5. Nf3 Bd7 6. Be2 Rc8 7. O-O a6 8. a3 Nge7
9. b4 cxd4 10. cxd4 Ng6 11. g3 Be7 12. h4 O-O 13. h5 Nh8 14. h6 g6 15. Nbd2 Na7
16. Nb3 Ba4 17. Qd3 b6 18. Qe3 Nb5 19. Bd2 f6 20. exf6 Bxf6 21. Bd1 Nf7 22. Re1
Nbd6 23. Qxe6 Ne4 24. Be3 Nc3 25. Nfd2 Bd7 0-1

[Event "4NCL/Div1b/NWE1 vs. BET"]
[Site "Hinckley Island ENG"]
[Date "2008.12.06"]
[Round "3.5"]
[White "Charleshouse, Glenn L"]
[Black "Ledger, David J"]
[Result "0-1"]
[WhiteElo "2194"]
[BlackElo "2254"]
[PlyCount "74"]
[EventDate "2008.12.06"]
[SourceDate "2008.10.04"]

1. e4 e5 2. Nf3 Nc6 3. Bb5 a6 4. Bxc6 dxc6 5. O-O Qf6 6. d4 exd4 7. Bg5 Qd6 8.
Nxd4 Bd7 9. Nc3 Be7 10. Bxe7 Nxe7 11. Nb3 Qxd1 12. Rfxd1 b6 13. Rd2 Ng6 14.
Rad1 O-O-O 15. Nd4 Ne5 16. b3 Bg4 17. Nde2 Rxd2 18. Rxd2 b5 19. Kf1 g5 20. Nd1
c5 21. Rd5 Rd8 22. Rxd8+ Kxd8 23. Ne3 Be6 24. f3 Kd7 25. Kf2 Kd6 26. g3 c4 27.
f4 Ng4+ 28. Nxg4 cxb3 29. cxb3 Bxg4 30. Ke3 Kc5 31. a3 Bxe2 32. Kxe2 gxf4 33.
gxf4 Kd4 34. Kf3 c5 35. e5 c4 36. bxc4 bxc4 37. a4 c3 0-1

[Event "4NCL/Div1b/NWE1 vs. BET"]
[Site "Hinckley Island ENG"]
[Date "2008.12.06"]
[Round "3.6"]
[White "Nelson, Jonathan"]
[Black "Jaunooby, Ali"]
[Result "1-0"]
[WhiteElo "2247"]
[BlackElo "2145"]
[PlyCount "61"]
[EventDate "2008.12.06"]
[SourceDate "2008.10.04"]

1. e4 g6 2. d4 Bg7 3. Nc3 d6 4. Bg5 a6 5. Qd2 b5 6. O-O-O Bb7 7. f3 Nd7 8. Kb1
c5 9. dxc5 Nxc5 10. a3 h6 11. Be3 Nf6 12. e5 Nfd7 13. exd6 Rc8 14. Nge2 Nb6 15.
Bd4 e5 16. Bxc5 Rxc5 17. Ng3 O-O 18. Nge4 Rc8 19. Qf2 Rc6 20. Be2 Qc8 21. g4
Rd8 22. Qh4 g5 23. Qf2 Nc4 24. Nd5 Bf8 25. Bxc4 bxc4 26. h4 Rcxd6 27. Nxd6 Rxd6
28. Nc3 Rf6 29. hxg5 Rxf3 30. Qb6 hxg5 31. Rd8 1-0

[Event "4NCL/Div1b/NWE1 vs. BET"]
[Site "Hinckley Island ENG"]
[Date "2008.12.06"]
[Round "3.7"]
[White "Mulligan, Stephen"]
[Black "Ledger, Stephen C"]
[Result "0-1"]
[WhiteElo "2113"]
[BlackElo "2151"]
[PlyCount "72"]
[EventDate "2008.12.06"]
[SourceDate "2008.10.04"]

1. d4 Nf6 2. Nf3 c5 3. c3 d5 4. Bf4 Nc6 5. e3 Qb6 6. Qb3 c4 7. Qxb6 axb6 8.
Nbd2 b5 9. Be2 Bf5 10. O-O b4 11. Nh4 Bd7 12. Nhf3 h6 13. Ne5 e6 14. Bg3 b5 15.
Bf3 Nxe5 16. Bxe5 bxc3 17. bxc3 Ra3 18. Nb1 Ra6 19. Bxf6 gxf6 20. e4 dxe4 21.
Bxe4 Bd6 22. f4 f5 23. Bc2 Bc6 24. g3 Kd7 25. Rf2 Rha8 26. Bd1 b4 27. cxb4 Bxb4
28. Rb2 Ba5 29. Kf2 Be4 30. Ke3 c3 31. Rf2 Rd6 32. Na3 Bb6 33. Nb5 Rd5 34. Be2
Ra4 35. Rd1 c2 36. Rc1 Raxd4 0-1

[Event "4NCL/Div1b/NWE1 vs. BET"]
[Site "Hinckley Island ENG"]
[Date "2008.12.06"]
[Round "3.8"]
[White "Chaumont, Adeline"]
[Black "Morrison, Lynne"]
[Result "1-0"]
[WhiteElo "2083"]
[BlackElo "1926"]
[PlyCount "113"]
[EventDate "2008.12.06"]
[SourceDate "2008.10.04"]

1. d4 d5 2. c4 dxc4 3. Nf3 Nf6 4. Nc3 c6 5. a4 b6 6. e3 Bg4 7. Bxc4 e6 8. O-O
Be7 9. Be2 Nbd7 10. Qc2 O-O 11. Rd1 Qc8 12. e4 c5 13. d5 e5 14. d6 Bd8 15. b3
Re8 16. Bb2 Nb8 17. Nd5 Nc6 18. Nxf6+ Bxf6 19. Qd2 Bd7 20. Bc4 h6 21. Rac1 Qb7
22. Bd5 Rac8 23. Qe2 Rcd8 24. Qc4 Be6 25. Bxe6 Rxe6 26. d7 Rxd7 27. Rd5 Re8 28.
Rcd1 Red8 29. Bc3 Nd4 30. Rxd7 Rxd7 31. Bxd4 cxd4 32. Qb5 Rc7 33. Qe8+ Kh7 34.
Nd2 Rc2 35. f3 Qc7 36. Nc4 a6 37. h3 Rc3 38. Rb1 Rc2 39. Rd1 Kg6 40. f4 exf4
41. e5 Bh4 42. Qa8 Rxc4 43. Qe4+ f5 44. exf6+ Kf7 45. bxc4 Bxf6 46. Qd5+ Kg6
47. Re1 Qf7 48. Qe4+ Kg5 49. h4+ Kxh4 50. Qxf4+ Kh5 51. g4+ Kh4 52. g5+ Kh5 53.
gxf6 gxf6 54. Qf5+ Kh4 55. Re4+ Kg3 56. Qf2+ Kh3 57. Qg2# 1-0

[Event "4NCL/Div1b/WGHK2 vs. PAP"]
[Site "Hinckley Island ENG"]
[Date "2008.12.06"]
[Round "3.1"]
[White "Houska, Jovanka"]
[Black "Emms, John M"]
[Result "1/2-1/2"]
[WhiteElo "2399"]
[BlackElo "2489"]
[PlyCount "62"]
[EventDate "2008.12.06"]
[SourceDate "2008.10.04"]

1. d4 Nf6 2. Nf3 e6 3. c4 b6 4. g3 Ba6 5. b3 Bb7 6. Bg2 Bb4+ 7. Bd2 a5 8. O-O
O-O 9. Bf4 a4 10. Nbd2 d6 11. Qc2 Nbd7 12. Rfd1 Qe7 13. a3 Bxd2 14. Bxd2 Be4
15. Qb2 axb3 16. Qxb3 Rfe8 17. a4 e5 18. dxe5 Nxe5 19. a5 bxa5 20. Rxa5 Rxa5
21. Bxa5 h6 22. Nxe5 Bxg2 23. Kxg2 Qxe5 24. Bxc7 Qxe2 25. Qd3 Qxd3 26. Rxd3 Rc8
27. Bxd6 Rxc4 28. Be5 Ng4 29. Rd8+ Kh7 30. Bd4 Rc2 31. h3 Nf6 1/2-1/2